Residence Halls of the University of Notre Dame - Statistics

General Stats
  • This quiz has been taken 116 times
  • The average score is 24 of 31
Answer Stats
Year Men's % Correct
1931 Alumni
92%
1981 Pasquerilla East
90%
1981 Pasquerilla West
90%
1931 Dillon
89%
1888 Sorin
87%
1909 Walsh
87%
1997 Welsh Family
86%
1937 Zahm
86%
2008 Duncan
83%
1988 Knott
83%
2009 Ryan
83%
1957 Stanford
83%
1957 Keenan
82%
2016 Dunne
80%
2019 Baumer
79%
1996 Keough
79%
1988 Siegfried
79%
1897 Badin
77%
1942 Farley
76%
1952 Fisher
76%
1925 Morrissey
76%
1996 O'Neill
76%
1927 Lyons
75%
2016 Flaherty
72%
1882 St. Edward's
72%
1939 Breen-Phillips
70%
1906 Carroll
69%
1936 Cavanaugh
69%
1924 Howard
69%
1997 McGlinn
69%
1965 Lewis
56%
No matching quizzes found
Score Distribution
Percent of People with Each Score
Percentile by Number Answered
Your Score History
You have not taken this quiz